1439 1742 1951 1744 1038 1404 1741 1770 1989 1835 1161 1968 1649 1442 1442 1522 1265 1850 1466 1022 1480 1365 1550 1376 1447 1997 1712 1982 1472 1557 1928 1796 1342 1408 1238 1313 1858 1939 1814 1947 1525 1871 1907 1597 1275 1293 1231 1395 1734 1382 1234 1692 1375 1500 1945 1450 1389 1707 1172 1675 1457 1650 1056 1263 1849 1764 1341 1175 1084 1906 1122 1499 1676 1808 1509 1295 1449 1655 1991 1296 1563 1923 1514 1620 1774 1628 1881 1407 1331 1404 1697 1806 1645 1652 1377 1474 1006 1844 1494 BCNSPRNW ULIB Ver.6.0+V

เปลี่ยนเป็นภาษาไทย

Change to English
 แสดงรายละเอียดบรรณานุกรม
  กลับหน้าหลัก

Brief Record : Get Marc (ISO 2709) : E-mail record : QR code < ปิดหน้าต่าง
LEADER : 00000nam 2200000uu 4500
001    13399129195
003     ULIB
008    260511s2568||||th 000 0 tha d
020    ^a9786166235555
060  4 ^aWY157^bบ668ส
100 0  ^aบุศรา แสงสว่าง
245 1  ^aสตรีที่มีภาวะเสี่ยงในระยะตั้งครรภ์ : การพยาบาลในระยะตั้งครรภ์ ระยะคลอด และระยะหลังคลอด =^bHigh-risk women in pregnancy : nursing care during pregnancy, delivery and postpartum period /^cบุศรา แสงสว่าง
246 3  ^aการพยาบาลในระยะตั้งครรภ์ ระยะคลอด และระยะหลังคลอด
246 3  ^aHigh-risk women in pregnancy : nursing care during pregnancy, delivery and postpartum period
246 3  ^aHigh-risk women in pregnancy :^bnursing care during pregnancy, delivery and postpartum period.
250    ^aพิมพ์ครั้งที่ 1.
260    ^aกรุงเทพฯ :^bจุฬาลงกรณ์มหาวิทยาลัย,^c2568
300    ^a220 หน้า
505 2  ^aบทนำ ภาวะเสี่ยงในระยะตั้งครรภ์และการประเมิน -- บทที่ 1 การพยาบาลสตรีที่มีการตั้งครรภ์วัยรุ่น -- บทที่ 2 การพยาบาลสตรีที่มีการตั้งครรภ์อายุมาก -- บทที่ 3 การพยาบาลสตรีที่มีการตั้งครรภ์ไม่พึงประสงค์ -- บทที่ 4 การพยาบาลสตรีที่ถูกกระทำความรุนแรงในขณะตั้งครรภ์ -- บทที่ 5 การพยาบาลสตรีที่มีการใช้สารเสพติดในขณะตั้งครรภ์ -- บทที่ 6 การพยาบาลสตรีที่มีภาวะทารกตายในครรภ์ -- บทที่ 7 การพยาบาลสตรีที่มีภาวะทารกในครรภ์มีความผิดปกติ.
610    ^aaการพยาบาลมารดาทารกและการผดุงครรภ์.
650  4 ^aการตั้งครรภ์
650  4 ^aการตั้งครรภ์^xภาวะแทรกซ้อน
650  4 ^aการผดุงครรภ์.
650  4 ^aการพยาบาลสูติศาสตร์.
650  4 ^aเขตพัฒนาพิเศษภาคตะวันออก (อีอีซี).
650  4 ^aครรภ์^xการพยาบาล
650  4 ^aพยาบาลผดุงครรภ์.
650  4 ^aภาวะแทรกซ้อนขณะตั้งครรภ์
650  4 ^aสตรีมีครรภ์
650  4 ^aสตรีมีครรภ์^xการพยาบาล
650  4 ^aอุตสาหกรรมการแพทย์ครบวงจร.
653    ^aSDG3.
653    ^aSDGs.
654    ^aNursing
654    ^aการพยาบาลมารดาทารกและการผดุงครรภ์
655  4 ^aHealth Sciences Branch.
695    ^aHealth Sciences.
999    ^aประนอม เกษจรัล
รายการนี้ยังไม่มีแท็ก
คุณยังไม่ได้ล็อกอิน คุณสามารถมีกิจกรรมร่วมกับเว็บไซต์ได้ แต่ต้องล็อกอินก่อน ::
  ล็อกอิน

รายการสื่อสารสนเทศ

ลำดับที่ ประเภท เลขเรียก/บาร์โค้ด สถานที่ สถานะ
1. Book การพยาบาล
หนังสือสำรอง
สถานะ=หนังสือสำรอง
WY157 บ668ส ฉ.1 
  Barcode: 012101
ห้องสมุดวิทยาเขตสวรรค์ประชารักษ์
►หนังสือทั่วไป
บนชั้น
*เพิ่งรับคืน

รายการใกล้เคียง
    หัวเรื่อง [การตั้งครรภ์]
    หัวเรื่อง [การผดุงครรภ์.]
    หัวเรื่อง [การพยาบาลสูติศาสตร์.]
    หัวเรื่อง [เขตพัฒนาพิเศษภาคตะวันออก (อีอีซี).]
    หัวเรื่อง [ครรภ์ การพยาบาล]
    หัวเรื่อง [ภาวะแทรกซ้อนขณะตั้งครรภ์]
    หัวเรื่อง [สตรีมีครรภ์]
    หัวเรื่อง [สตรีมีครรภ์ การพยาบาล]
    หัวเรื่อง [อุตสาหกรรมการแพทย์ครบวงจร.]

BibComment


ยังไม่เคยถูกคอมเมนท์

คอมเมนท์ทรัพยากรรายการนี้
  คอมเมนท์: สตรีที่มีภาวะเสี..


 Copyright 2026. Bcnsprnw @Library